000 00525nam a2200181 4500
001 6098
005 20230410121052.0
008 060907n1997 dr spa
020 _a081336907X
035 _9funglode6154
041 _aEN
050 1 4 _aJL 960 M122r 1997
100 _aMcCaughan, Edward J.
245 1 _aReinventing revolution :
_bThe renovation of left discourse in Cuba and Mexico /
_cEdward J.McCaughan
260 _aColorado :
_bWestview Press,
_c1997
300 _axiii, 207 p.
942 _2lcc
_cbk
999 _c57325
_d57325